Normal view
MARC view
Entry Personal Name
001 - CONTROL NUMBER
- control field: 13251
003 - CONTROL NUMBER IDENTIFIER
- control field: BD-RjUL
005 - DATE AND TIME OF LATEST TRANSACTION
- control field: 20240602113005.0
008 - FIXED-LENGTH DATA ELEMENTS
- fixed length control field: 240602|| aca||aabn | a|a d
040 ## - CATALOGING SOURCE
- Original cataloging agency: BD-RjUL
- Transcribing agency: BD-RjUL
100 ## - HEADING--PERSONAL NAME
- Personal name: Shahjahan, M. Supervisor
670 ## - SOURCE DATA FOUND
- Source citation: Work cat.: (BD-RjUL)83861: Badaruddin, Md. 13249, Molecular Characterization of Goitre-A Predominant Iodine Deficiency Disease of Northern Part of Bangladesh /, 2001